US States by Fifth Largest City Quiz Stats

 Plays Quiz Updated May 10, 2017

Challenge
Share
Tweet
Embed
Score 0/50 Timer 07:00
1 Play Today
Fifth Largest City State % Correct
OrlandoFlorida
94.1%
WaterlooIowa
92.1%
SyracuseNew York
90.3%
Fort WorthTexas
89.9%
FresnoCalifornia
88.6%
LansingMichigan
87.3%
AkronOhio
86.9%
Newport NewsVirginia
86.7%
East ProvidenceRhode Island
85.4%
EdisonNew Jersey
83.2%
SavannahGeorgia
81.1%
HammondIndiana
79.4%
DurhamNorth Carolina
79.4%
TuscaloosaAlabama
77.3%
West FargoNorth Dakota
77.3%
RoswellNew Mexico
76.6%
Butte-Silver BowMontana
67.7%
KailuaHawaii
66.5%
ReadingPennsylvania
64.5%
LakewoodColorado
58%
CambridgeMassachusetts
56.8%
KetchikanAlaska
52.9%
RacineWisconsin
52.4%
WheelingWest Virginia
51.5%
WaterburyConnecticut
50.8%
Fifth Largest City State % Correct
BellevueWashington
48.1%
NapervilleIllinois
47.8%
PocatelloIdaho
43.4%
GlendaleArizona
41.9%
JonesboroArkansas
40.9%
Lake CharlesLouisiana
40.2%
ClarksvilleTennessee
36.7%
OlatheKansas
32.4%
BloomingtonMinnesota
31.2%
SparksNevada
31.1%
KearneyNebraska
30.9%
CovingtonKentucky
29.7%
ColumbiaMissouri
27.9%
BarreVermont
27.6%
LawtonOklahoma
27.3%
BowieMaryland
27.1%
SandyUtah
26.8%
RochesterNew Hampshire
24.9%
AuburnMaine
22.5%
WatertownSouth Dakota
20.8%
HillsboroOregon
20.7%
Rock SpringsWyoming
20.6%
Rock HillSouth Carolina
19.9%
BiloxiMississippi
18.5%
SmyrnaDelaware
16.2%

You're not logged in!

Compare scores with friends on all Sporcle quizzes.
Join for Free
OR
Log In

You Might Also Like...

Show Comments

Extras

Top Quizzes Today


Score Distribution

Your Account Isn't Verified!

In order to create a playlist on Sporcle, you need to verify the email address you used during registration. Go to your Sporcle Settings to finish the process.

Report this User

Report this user for behavior that violates our Community Guidelines.

Details: